The last angry man
Αποθηκεύτηκε σε:
| Κύριος συγγραφέας: | |
|---|---|
| Μορφή: | Βιβλίο |
| Γλώσσα: | Undetermined |
| Έκδοση: |
New York, Estados Unidos
Charles Scribner´s Sons
1956
|
| Θέματα: | |
| Ετικέτες: |
Προσθήκη ετικέτας
Δεν υπάρχουν, Καταχωρήστε ετικέτα πρώτοι!
|
MARC
| LEADER | 00000nam a2200000Ia 4500 | ||
|---|---|---|---|
| 008 | 170316s9999 xx 000 0 und d | ||
| 999 | |c 28783 |d 28783 | ||
| 040 | |a cru BVZT | ||
| 090 | |a F-810 G-11L | ||
| 100 | |a Green, Gerald | ||
| 245 | 4 | |a The last angry man | |
| 260 | |a New York, Estados Unidos | ||
| 260 | |b Charles Scribner´s Sons | ||
| 260 | |c 1956 | ||
| 300 | |a 494 páginas | ||
| 650 | |a LITERATURA ESTADOUNIDENSE |9 25 | ||
| 650 | |a FICCIÓN |9 26 | ||
| 942 | |c 15 D |h F-810 G-11L |2 z | ||
